<?xml version="1.0" encoding="UTF-8"?>
<record
    xmlns:xsi="http://www.w3.org/2001/XMLSchema-instance"
    xsi:schemaLocation="http://www.loc.gov/MARC21/slim http://www.loc.gov/standards/marcxml/schema/MARC21slim.xsd"
    xmlns="http://www.loc.gov/MARC21/slim">

  <leader>05496nam a2200445Ia 4500</leader>
  <controlfield tag="001">dia_5538</controlfield>
  <controlfield tag="003">CHAP</controlfield>
  <controlfield tag="005">20240827102902.0</controlfield>
  <controlfield tag="007">ta</controlfield>
  <controlfield tag="008">220117s2014    mx ado frm    001 0 spa d</controlfield>
  <datafield tag="010" ind1=" " ind2=" ">
    <subfield code="a">176479</subfield>
  </datafield>
  <datafield tag="040" ind1=" " ind2=" ">
    <subfield code="c">CHAP</subfield>
    <subfield code="a">mxchpua</subfield>
    <subfield code="e">rda</subfield>
  </datafield>
  <datafield tag="041" ind1="0" ind2=" ">
    <subfield code="a">spa</subfield>
    <subfield code="b">eng</subfield>
  </datafield>
  <datafield tag="090" ind1=" " ind2=" ">
    <subfield code="a">Tesis </subfield>
    <subfield code="b">G374 </subfield>
    <subfield code="c">2014</subfield>
  </datafield>
  <datafield tag="100" ind1="1" ind2=" ">
    <subfield code="a">Garc&#xED;a Ju&#xE1;rez, Magdiel</subfield>
  </datafield>
  <datafield tag="245" ind1="1" ind2="0">
    <subfield code="a">Estudio de la pasteurizaci&#xF3;n durante el termoproceso de pur&#xE9; de guayaba (Psidium guajava L.), evaluando el efecto sobre sus propiedades bioqu&#xED;micas /</subfield>
    <subfield code="c">Magdiel Garc&#xED;a Ju&#xE1;rez y Carlos Mart&#xED;nez Rojas</subfield>
  </datafield>
  <datafield tag="264" ind1=" " ind2=" ">
    <subfield code="a">Chapingo, M&#xE9;xico :</subfield>
    <subfield code="b">El autor,</subfield>
    <subfield code="c">2014</subfield>
  </datafield>
  <datafield tag="300" ind1=" " ind2=" ">
    <subfield code="a">xii, 80 hojas :</subfield>
    <subfield code="b">ilustraciones, gr&#xE1;ficas, tablas, fotos +</subfield>
    <subfield code="e">1 CD-ROM</subfield>
  </datafield>
  <datafield tag="336" ind1=" " ind2=" ">
    <subfield code="2">rdacontent</subfield>
    <subfield code="a">texto</subfield>
    <subfield code="b">txt</subfield>
  </datafield>
  <datafield tag="337" ind1=" " ind2=" ">
    <subfield code="2">rdamedia</subfield>
    <subfield code="a">no mediado</subfield>
    <subfield code="b">n</subfield>
  </datafield>
  <datafield tag="338" ind1=" " ind2=" ">
    <subfield code="2">rdacarrier</subfield>
    <subfield code="a">volumen</subfield>
    <subfield code="b">nc</subfield>
  </datafield>
  <datafield tag="502" ind1=" " ind2=" ">
    <subfield code="a">Tesis </subfield>
    <subfield code="b">(Ingeniero Agroindustrial) -- </subfield>
    <subfield code="c">UACh. Departamento de Ingenier&#xED;a Agroindustrial, </subfield>
    <subfield code="d">2014</subfield>
  </datafield>
  <datafield tag="504" ind1=" " ind2=" ">
    <subfield code="a">Bibliograf&#xED;a: hojas 52-61</subfield>
  </datafield>
  <datafield tag="520" ind1="3" ind2=" ">
    <subfield code="a">Actualmente los estudios de transferencia de calor, permiten optimizar un proceso en la industria alimentaria. Uno de los equipos mayormente utilizados son los Intercambiadores de Calor de Superficie Raspada (ICSR). En la presente investigaci&#xF3;n se determinaron las propiedades fisicoqu&#xED;micas pH, &#xB0;Brix y acidez titulable, as&#xED; como la actividad antioxidante (fenoles, flavonoides y capacidad antioxidante mediante los ensayos ABTS, DPPH y ORAC). Para evaluar el efecto de las variables experimentales, se utiliz&#xF3; un dise&#xF1;o factorial con tres factores a dos niveles (23), y tres repeticiones en el punto central, considerando como variables respuesta: el porcentaje de retenci&#xF3;n de fenoles totales, flavonoides y  la capacidad antioxidante total. Los resultados indican que la pasteurizaci&#xF3;n no influy&#xF3; en las propiedades fisicoqu&#xED;micas del pur&#xE9; (&#xB0;Brix, pH, acidez). En general se obtuvieron porcentajes de retenci&#xF3;n del 91% y 94% para fenoles y flavonoides totales respectivamente, para los ensayos ABTS, DPPH Y ORAC, en promedio se obtuvieron porcentajes de retenci&#xF3;n del 88%.  Las condiciones de operaci&#xF3;n fueron con flujos de alimentaci&#xF3;n altos (400 mL/min), velocidad de rotaci&#xF3;n de los raspadores baja (100 RPM) y temperaturas de calentamiento bajas (145 &#xB0;C), debido a que el producto est&#xE1; menos expuesto a las altas temperaturas. Por lo tanto, al realizar la pasteurizaci&#xF3;n del pur&#xE9; de guayaba mediante un intercambiador de calor de superficie raspada, utilizando condiciones adecuadas se reduce el efecto sobre  la capacidad antioxidante, adem&#xE1;s al no afectar las caracter&#xED;sticas fisicoqu&#xED;micas del pur&#xE9;, se obtiene un producto que conserva la mayor&#xED;a de sus propiedades funcionales y sensoriales. El an&#xE1;lisis estad&#xED;stico indica que existen diferencias significativas entre los tratamientos aplicados, ya que en algunos de ellos, las condiciones de operaci&#xF3;n influyeron en la reducci&#xF3;n de la capacidad antioxidante. </subfield>
  </datafield>
  <datafield tag="520" ind1="3" ind2=" ">
    <subfield code="a">Nowadays heat transference studies allow optimizing a process in food Industry.  One of the most used equipments is the Scraped Surface Heat Exchangers (SSHE). In this research the physicochemical properties, potential Hydrogen (pH), Brix grade and titratable acidity as well as antioxidant activity (phenols, flavonoids and antioxidant capacity by ABTS [2, 2&#x2019;-azino-bis(3-ethylbenzothiazoline-6-sulphonic acid), DPPH [2,2Diphenyl-1-Picrylhydrazyl (EPR spectroscopy)] and ORAC [Oxygen Radical Absorbance Capacity] assays) were determined. In order to evaluate the experimental variables effect, a factorial design with three factors at two levels (23) and three replications was used at the center point, considering response variables: the phenols, flavonoids total percentage of retention and antioxidant total capacity. The results point that pasteurization did not affect the puree&#x2019;s physicochemical properties (Brix grade, pH, acidity). Broadly, the retention rates of 91% and 94% for total phenols and flavonoids, respectively, for ABTS, DPPH and ORAC assays were obtained; as well, average retention rates of 88% were obtained. The operating conditions were along with high power feeding flows (400 mL per min), low speed scrapers rotation at 100 RPM (revolutions per minute) and low heating temperatures (145 &#xB0;C), due to the product is less exposed to high temperatures. Therefore, by performing guava puree pasteurization, through a Scraped Surface Heat Exchanger, using suitable conditions reduces the effect upon the antioxidant capacity; besides, by not affecting puree's physicochemical properties, a product that retains most of its functional and sensory properties is obtained. The statistical analysis points out that exists significative differences between the applied treatments, since in some of them, the operation conditions influenced the antioxidant capacity reduction. </subfield>
  </datafield>
  <datafield tag="650" ind1="1" ind2="3">
    <subfield code="a">Guayaba</subfield>
    <subfield code="x">Procesado  </subfield>
    <subfield code="2">atg</subfield>
  </datafield>
  <datafield tag="650" ind1="1" ind2="3">
    <subfield code="a">Pasteurizaci&#xF3;n  </subfield>
    <subfield code="2">atg</subfield>
  </datafield>
  <datafield tag="650" ind1="1" ind2="3">
    <subfield code="a">Guavas</subfield>
    <subfield code="2">atg</subfield>
  </datafield>
  <datafield tag="650" ind1="1" ind2="3">
    <subfield code="a">Pasteurization  </subfield>
    <subfield code="2">atg</subfield>
  </datafield>
  <datafield tag="700" ind1="1" ind2=" ">
    <subfield code="a">Mart&#xED;nez Rojas, Carlos</subfield>
    <subfield code="e">autor</subfield>
  </datafield>
  <datafield tag="700" ind1="1" ind2=" ">
    <subfield code="a">Morales Pablo, Rom&#xE1;n</subfield>
    <subfield code="e">director</subfield>
  </datafield>
  <datafield tag="700" ind1="1" ind2=" ">
    <subfield code="a">Ayala Zavla, Jes&#xFA;s Fernando</subfield>
    <subfield code="e">asesor</subfield>
  </datafield>
  <datafield tag="700" ind1="1" ind2=" ">
    <subfield code="a">G&#xF3;mez Cruz, Adalberto</subfield>
    <subfield code="e">asesor</subfield>
  </datafield>
  <datafield tag="856" ind1="4" ind2="1">
    <subfield code="u">http://10.13.5.2/tesis/sist109599.pdf</subfield>
    <subfield code="y">DESCARGAR PDF</subfield>
  </datafield>
  <datafield tag="901" ind1=" " ind2=" ">
    <subfield code="a">TESIS G374 2014</subfield>
  </datafield>
  <datafield tag="902" ind1=" " ind2=" ">
    <subfield code="a">M</subfield>
  </datafield>
  <datafield tag="905" ind1=" " ind2=" ">
    <subfield code="a">5232272014                          mx amnl8223223322spa16</subfield>
  </datafield>
  <datafield tag="942" ind1=" " ind2=" ">
    <subfield code="c">TESIS</subfield>
    <subfield code="2">Clasificaci&#xF3;n Universidad Aut&#xF3;noma Chapingo</subfield>
  </datafield>
  <datafield tag="999" ind1=" " ind2=" ">
    <subfield code="c">176479</subfield>
    <subfield code="d">176479</subfield>
  </datafield>
  <datafield tag="952" ind1=" " ind2=" ">
    <subfield code="0">0</subfield>
    <subfield code="1">0</subfield>
    <subfield code="2">local</subfield>
    <subfield code="4">0</subfield>
    <subfield code="5">5</subfield>
    <subfield code="7">0</subfield>
    <subfield code="8">TESIS</subfield>
    <subfield code="a">IA_</subfield>
    <subfield code="b">IA_</subfield>
    <subfield code="d">2022-01-18</subfield>
    <subfield code="e">El autor</subfield>
    <subfield code="l">1</subfield>
    <subfield code="o">Tesis G374 2014</subfield>
    <subfield code="p">1101007985</subfield>
    <subfield code="r">2024-09-06 14:53:39</subfield>
    <subfield code="s">2024-09-06</subfield>
    <subfield code="t">Ej. 4</subfield>
    <subfield code="w">2022-01-18</subfield>
    <subfield code="y">CD</subfield>
  </datafield>
  <datafield tag="952" ind1=" " ind2=" ">
    <subfield code="0">0</subfield>
    <subfield code="1">0</subfield>
    <subfield code="2">local</subfield>
    <subfield code="4">0</subfield>
    <subfield code="5">5</subfield>
    <subfield code="7">0</subfield>
    <subfield code="8">TESIS</subfield>
    <subfield code="a">IA_</subfield>
    <subfield code="b">IA_</subfield>
    <subfield code="d">2022-01-18</subfield>
    <subfield code="e">El autor</subfield>
    <subfield code="l">1</subfield>
    <subfield code="o">Tesis G374 2014</subfield>
    <subfield code="p">1101007983</subfield>
    <subfield code="r">2024-09-06 15:12:30</subfield>
    <subfield code="s">2024-09-06</subfield>
    <subfield code="t">Ej. 2</subfield>
    <subfield code="w">2022-01-18</subfield>
    <subfield code="y">TESIS</subfield>
  </datafield>
  <datafield tag="952" ind1=" " ind2=" ">
    <subfield code="0">0</subfield>
    <subfield code="1">0</subfield>
    <subfield code="2">local</subfield>
    <subfield code="4">0</subfield>
    <subfield code="5">1</subfield>
    <subfield code="7">0</subfield>
    <subfield code="8">TESIS</subfield>
    <subfield code="a">IA_</subfield>
    <subfield code="b">IA_</subfield>
    <subfield code="d">2022-01-18</subfield>
    <subfield code="e">El autor</subfield>
    <subfield code="l">0</subfield>
    <subfield code="o">Tesis G374 2014</subfield>
    <subfield code="p">1101007982</subfield>
    <subfield code="r">2026-02-02 00:00:00</subfield>
    <subfield code="t">Ej. 1</subfield>
    <subfield code="w">2022-01-18</subfield>
    <subfield code="y">TESIS</subfield>
  </datafield>
  <datafield tag="952" ind1=" " ind2=" ">
    <subfield code="0">0</subfield>
    <subfield code="1">0</subfield>
    <subfield code="2">local</subfield>
    <subfield code="4">0</subfield>
    <subfield code="5">1</subfield>
    <subfield code="7">0</subfield>
    <subfield code="8">TESIS</subfield>
    <subfield code="a">IA_</subfield>
    <subfield code="b">IA_</subfield>
    <subfield code="d">2022-01-18</subfield>
    <subfield code="e">El autor</subfield>
    <subfield code="l">0</subfield>
    <subfield code="o">Tesis G374 2014</subfield>
    <subfield code="p">1101007984</subfield>
    <subfield code="r">2022-01-18 00:00:00</subfield>
    <subfield code="t">Ej. 3</subfield>
    <subfield code="w">2022-01-18</subfield>
    <subfield code="y">CD</subfield>
  </datafield>
  <datafield tag="952" ind1=" " ind2=" ">
    <subfield code="0">0</subfield>
    <subfield code="1">0</subfield>
    <subfield code="2">local</subfield>
    <subfield code="4">0</subfield>
    <subfield code="7">0</subfield>
    <subfield code="8">TesDigL</subfield>
    <subfield code="a">IA_</subfield>
    <subfield code="b">IA_</subfield>
    <subfield code="c">E_L</subfield>
    <subfield code="d">2024-08-27</subfield>
    <subfield code="e">El autor</subfield>
    <subfield code="l">0</subfield>
    <subfield code="p">1201007982</subfield>
    <subfield code="r">2024-08-27 11:23:40</subfield>
    <subfield code="w">2024-08-27</subfield>
    <subfield code="y">TD</subfield>
  </datafield>
</record>
